Elements of real analysis (Record no. 12459)

000 -LEADER
fixed length control field 00640nam a22001577a 4500
020 ## - INTERNATIONAL STANDARD BOOK NUMBER
International Standard Book Number 9789380853154
082 ## - DEWEY DECIMAL CLASSIFICATION NUMBER
Classification number 515 DEN
100 ## - MAIN ENTRY--PERSONAL NAME
Personal name Denlinger, Charles G.
245 ## - TITLE STATEMENT
Title Elements of real analysis
260 ## - PUBLICATION, DISTRIBUTION, ETC.
Place of publication, distribution, etc. New Delhi, India
Name of publisher, distributor, etc. Jones and Bartlett Publishers
Date of publication, distribution, etc. 2011
300 ## - PHYSICAL DESCRIPTION
Extent xxx, 737 p.
Other physical details ill. ;
490 ## - SERIES STATEMENT
Series statement The Jones and Bartlett Publishers international series in mathematics Jones and Bartlett Publishers series in mathematics. International series in mathematics.
500 ## - GENERAL NOTE
General note Includes bibliographical references (p. 709-717) and index.
650 ## - SUBJECT ADDED ENTRY--TOPICAL TERM
Topical term or geographic name entry element 1. Mathematical analysis. 2. Functions of real variables.
942 ## - ADDED ENTRY ELEMENTS (KOHA)
Koha item type Book
Holdings
Withdrawn status Lost status Damaged status Not for loan Collection code Permanent Location Current Location Shelving location Date acquired Source of acquisition Cost, normal purchase price Total Checkouts Total Renewals Full call number Barcode Date last seen Date last checked out Price effective from Koha item type
          Central Library (CL) Central Library (CL) General Stacks 12/27/2013 Multi-Line Books 1212.08 6 1 515 DEN SEECS012857 01/12/2023 12/18/2022 01/01/2014 Book
© 2023 Central Library, National University of Sciences and Technology. All Rights Reserved.